[Event "SEMI Perenyi Attack theme f corr"]
[Site "SEMI email"]
[Date "2001.??.??"]
[Round "?"]
[White "Vujadinovic, Milan"]
[Black "Baviera, Manlio"]
[Result "1/2-1/2"]
[WhiteElo "2223"]
[BlackElo "2157"]
[PlyCount "41"]
[EventDate "2001.02.15"]
[EventType "tourn (corr)"]
[EventRounds "8"]
[EventCountry "ITA"]
[SourceTitle "Corr 2008"]
[Source "ChessBase"]
[SourceDate "2008.06.24"]
[SourceVersion "1"]
[SourceVersionDate "2008.06.24"]
[SourceQuality "1"]

1. e4 c5 2. Nf3 d6 3. d4 cxd4 4. Nxd4 Nf6 5. Nc3 a6 6. Be3 e6 7. g4 h6 8. Bg2 Nc6 9. h3 Bd7 10. Qe2 Be7 11. f4 Qc7 12. 0-0-0 Na5 13. Kb1 Rc8 14. h4 Nc4 15. Bc1 h5 16. g5 Ng4 17. f5 Qb6 18. Rh3 Qa7 19. g6 e5 20. gxf7+ Kxf7 21. Ne6 1/2-1/2

[Event "SEMI King's Indian E93 email"]
[Site "SEMI email"]
[Date "2000.02.20"]
[Round "?"]
[White "Baviera, Manlio"]
[Black "Kamaluddin, Yusof"]
[Result "1-0"]
[WhiteElo "1000"]
[BlackElo "1979"]
[PlyCount "81"]
[EventDate "2000.02.20"]
[EventType "tourn (corr)"]
[EventRounds "10"]
[EventCountry "ITA"]
[SourceTitle "Corr 2008"]
[Source "ChessBase"]
[SourceDate "2008.06.24"]
[SourceVersion "1"]
[SourceVersionDate "2008.06.24"]
[SourceQuality "1"]

1. d4 Nf6 2. c4 g6 3. Nc3 Bg7 4. e4 d6 5. Nf3 0-0 6. Be2 e5 7. d5 Nbd7 8. Bg5 h6 9. Bh4 g5 10. Bg3 Nh5 11. Nd2 Nf4 12. 0-0 Nc5 13. Bg4 Nxe4 14. Ndxe4 f5 15. Bf3 g4 16. Bxg4 fxg4 17. c5 Rf7 18. cxd6 cxd6 19. Nb5 Bf8 20. Rc1 Bf5 21. Bxf4 exf4 22. Re1 h5 23. Nd4 Bh6 24. Nxf5 Rxf5 25. Qd3 Re5 26. Nd2 Qg5 27. Rxe5 Qxe5 28. Rc7 Bg7 29. Rxb7 Qe1+ 30. Nf1 Qe5 31. Qg6 a5 32. b3 Rf8 33. Rd7 f3 34. g3 Kh8 35. Rxd6 Rc8 36. Re6 Qxd5 37. Re7 Rg8 38. Ne3 Qc5 39. Rd7 Qc1+ 40. Rd1 Qc5 41. Nf5 1-0

[Event "SEMI King's Indian E93 email"]
[Site "SEMI email"]
[Date "2000.02.20"]
[Round "?"]
[White "Bianchi, Maurizio"]
[Black "Baviera, Manlio"]
[Result "1/2-1/2"]
[WhiteElo "1832"]
[BlackElo "1000"]
[PlyCount "57"]
[EventDate "2000.02.20"]
[EventType "tourn (corr)"]
[EventRounds "10"]
[EventCountry "ITA"]
[SourceTitle "Corr 2008"]
[Source "ChessBase"]
[SourceDate "2008.06.24"]
[SourceVersion "1"]
[SourceVersionDate "2008.06.24"]
[SourceQuality "1"]

1. d4 Nf6 2. c4 g6 3. Nc3 Bg7 4. e4 d6 5. Nf3 0-0 6. Be2 e5 7. d5 Nbd7 8. Bg5 h6 9. Bh4 Nc5 10. b4 Ncd7 11. Nd2 a5 12. a3 g5 13. Bg3 Nb8 14. c5 Nxe4 15. Ndxe4 f5 16. cxd6 cxd6 17. h4 fxe4 18. hxg5 hxg5 19. Nxe4 Bf5 20. f3 axb4 21. axb4 Rxa1 22. Qxa1 Na6 23. Qc3 Qb6 24. Bf2 Qxb4 25. Qxb4 Nxb4 26. Nxd6 Nd3+ 27. Bxd3 Bxd3 28. Kd2 Bg6 29. Nxb7 1/2-1/2

[Event "SEMI King's Indian E93 email"]
[Site "SEMI email"]
[Date "2000.02.20"]
[Round "?"]
[White "Pollina, Paolo"]
[Black "Baviera, Manlio"]
[Result "0-1"]
[WhiteElo "1013"]
[BlackElo "1000"]
[PlyCount "64"]
[EventDate "2000.02.20"]
[EventType "tourn (corr)"]
[EventRounds "10"]
[EventCountry "ITA"]
[SourceTitle "Corr 2008"]
[Source "ChessBase"]
[SourceDate "2008.06.24"]
[SourceVersion "1"]
[SourceVersionDate "2008.06.24"]
[SourceQuality "1"]

1. d4 Nf6 2. c4 g6 3. Nc3 Bg7 4. e4 d6 5. Nf3 0-0 6. Be2 e5 7. d5 Nbd7 8. Bg5 h6 9. Be3 Ng4 10. Bc1 f5 11. h3 fxe4 12. hxg4 exf3 13. Bxf3 g5 14. Be3 Nf6 15. Ne4 Bd7 16. Nxf6+ Rxf6 17. Be4 c5 18. dxc6 Qa5+ 19. Bd2 Qb6 20. f3 Bxc6 21. Bxc6 Qxc6 22. Qc2 d5 23. 0-0-0 Rc8 24. Bxg5 Qxc4 25. Qxc4 Rxc4+ 26. Kb1 hxg5 27. Rxd5 Rd4 28. Rd1 Rxd1+ 29. Rxd1 e4 30. fxe4 Rf2 31. b3 Rb2+ 32. Kc1 Rxg2 0-1

[Event "SEMI King's Indian E93 email"]
[Site "SEMI email"]
[Date "2000.02.20"]
[Round "?"]
[White "Sveinsson, Jon Arni"]
[Black "Baviera, Manlio"]
[Result "0-1"]
[WhiteElo "2000"]
[BlackElo "1000"]
[PlyCount "92"]
[EventDate "2000.02.20"]
[EventType "tourn (corr)"]
[EventRounds "10"]
[EventCountry "ITA"]
[SourceTitle "Corr 2008"]
[Source "ChessBase"]
[SourceDate "2008.06.24"]
[SourceVersion "1"]
[SourceVersionDate "2008.06.24"]
[SourceQuality "1"]

1. d4 Nf6 2. c4 g6 3. Nc3 Bg7 4. e4 d6 5. Nf3 0-0 6. Be2 e5 7. d5 Nbd7 8. Bg5 h6 9. Bh4 g5 10. Bg3 Nh5 11. h4 g4 12. Nh2 Nxg3 13. fxg3 h5 14. 0-0 f5 15. Rxf5 Rxf5 16. exf5 Nc5 17. Qc2 Qf6 18. Rf1 e4 19. Nb5 Bxf5 20. Nxg4 Qg6 21. Ne3 Bd7 22. Qd2 Qxg3 23. Bxh5 Rf8 24. Rxf8+ Kxf8 25. Qf2+ Qxf2+ 26. Kxf2 Nd3+ 27. Kf1 Bh6 28. Nd1 Nf4 29. g4 Bxb5 30. cxb5 Bg7 31. a4 Bd4 32. Nc3 Bxc3 33. bxc3 Nxd5 34. c4 Ne3+ 35. Ke2 Nxc4 36. g5 d5 37. Bg6 c5 38. bxc6 bxc6 39. h5 Ne5 40. Bf5 Nf3 41. Bd7 Nxg5 42. Bxc6 d4 43. Bd7 Kg7 44. a5 Kh6 45. Bf5 e3 46. Bg4 Ne4 0-1